Normal view
MARC view
Entry Personal Name
001 - CONTROL NUMBER
- control field: 26755
003 - CONTROL NUMBER IDENTIFIER
- control field: OSt
005 - DATE AND TIME OF LATEST TRANSACTION
- control field: 20210811112752.0
008 - FIXED-LENGTH DATA ELEMENTS
- fixed length control field: 210811|| aca||aabn | a|a d
040 ## - CATALOGING SOURCE
- Original cataloging agency: OSt
- Transcribing agency: OSt
100 ## - HEADING--PERSONAL NAME
- Personal name: Lyon, Elizabeth and Catlin, J. R.
670 ## - SOURCE DATA FOUND
- Source citation: Work cat.: (OSt)517537: Lyon, Elizabeth and Catlin, J. R., Consumer misconceptions about tax laws: Results from a survey in the United States
